WWE Studios Movies - Statistics

General Stats
  • This quiz has been taken 981 times
  • The average score is 12 of 18
Answer Stats
Movie Star % Correct
The Marine John Cena
96%
12 Rounds John Cena
96%
Legendary John Cena
96%
The Reunion John Cena
96%
See No Evil Kane
89%
The Marine 3: Homefront The Miz
87%
The Chaperone Triple H
77%
Inside Out Triple H
77%
That's What I Am Randy Orton
75%
12 Rounds: Reloaded Randy Orton
75%
Knucklehead Big Show
67%
The Condemned Stone Cold
60%
The Marine 2 Ted DiBiase
51%
Leprechaun: Origins Hornswoggle
47%
Bending The Rules Edge
40%
Dead Man Down Wade Barrett
28%
The Call David Otunga
25%
No One Lives Brodus Clay
16%
No matching quizzes found
Score Distribution
Percent of People with Each Score
Percentile by Number Answered
Your Score History
You have not taken this quiz